000 00700cam a2200253Ii 4500
001 72222
005 20230410102143.0
008 770902s1969 dr 000 0 spa d
035 _a(OCoLC)ocm03236641
040 _aIQU
_cIQU
035 _a(OCoLC)3236641
050 1 4 _a118 PQ 7409
_bC212m 1969
082 0 0 _aRD863.44
100 1 _aCanaán, Eurídice,
_d1934-
245 1 4 _aLos monstruos sagrados /
_cEuridice Canaán F.
260 _aSanto Domingo :
_bEditorial Libreria Dominicana,
_c1969-
300 _a197 p. ;
_c22 cm.
650 4 _aCES
650 4 _aColección Enriquillo Sánchez
650 4 _aLiteratura dominicana
942 _2lcc
_cbk
946 _amjcruz
994 _aC0
_bDRFGD
999 _c20110
_d20110